[Event "Malambo Semifinal 1 Cat U16"]
[Site "Malambo"]
[Date "2017.03.05"]
[Round "6.3"]
[White "Mieles Albor, Didier"]
[Black "Ruiz Jaraba, Gabriel"]
[Result "0-1"]
[WhiteElo "1474"]
[BlackElo "1683"]
[PlyCount "50"]
[EventDate "2017.03.02"]
[EventType "swiss"]
[EventRounds "6"]
[EventCountry "COL"]
[SourceTitle "EXT 2024"]
[Source "ChessBase"]
[SourceDate "2023.10.10"]
[SourceVersion "1"]
[SourceVersionDate "2023.10.10"]
[SourceQuality "1"]

1. e4 c5 2. Nf3 d6 3. Nc3 e6 4. g3 Nf6 5. d3 Be7 6. b3 0-0 7. Bb2 d5 8. e5 Nfd7 9. d4 cxd4 10. Qxd4 Nc6 11. Qf4 Qc7 12. 0-0-0 Ndxe5 13. Nb5 Qa5 14. Nxe5 a6 15. Ng4 Qd8 16. Nd6 Bg5 17. Rg1 f5 18. Bd3 fxg4 19. Kb1 Bxf4 20. gxf4 Qxd6 21. Rxg4 g6 22. Bxg6 Rxf4 23. Bxh7+ Kxh7 24. Rg7+ Kh6 25. Rdg1 e5 0-1

[Event "Malambo Semifinal 1 Cat U16"]
[Site "Malambo"]
[Date "2017.03.03"]
[Round "3.8"]
[White "Carvajal Pena, Dilan Ricardo"]
[Black "Mieles Albor, Didier"]
[Result "1/2-1/2"]
[WhiteElo "1421"]
[BlackElo "1474"]
[PlyCount "107"]
[EventDate "2017.03.02"]
[EventType "swiss"]
[EventRounds "6"]
[EventCountry "COL"]
[SourceTitle "EXT 2024"]
[Source "ChessBase"]
[SourceDate "2023.10.10"]
[SourceVersion "1"]
[SourceVersionDate "2023.10.10"]
[SourceQuality "1"]

1. e4 e5 2. Nf3 d6 3. Bc4 f5 4. d3 Nf6 5. Nc3 c6 6. 0-0 h6 7. exf5 Bxf5 8. Nh4 Bg4 9. f3 Bh5 10. d4 Nfd7 11. Re1 Qxh4 12. Bb3 Na6 13. dxe5 dxe5 14. Re4 Qf6 15. Be3 0-0-0 16. Qe2 Bc5 17. Bc4 b5 18. Bb3 Rhf8 19. Na4 Qe7 20. Rd1 Bxe3+ 21. Rxe3 Ndc5 22. Nxc5 Nxc5 23. Rxd8+ Rxd8 24. Rxe5 Rd1+ 25. Kf2 Qh4+ 26. g3 Qd4+ 27. Qe3 Qd2+ 28. Qxd2 Rxd2+ 29. Ke3 Nxb3 30. Rxh5 Rxc2 31. axb3 Rxb2 32. Kd4 Rxb3 33. Rf5 Kb7 34. Rf7+ Kb6 35. Rxg7 Rxf3 36. Rg6 a5 37. Rxh6 a4 38. Rh8 a3 39. Ra8 Kb7 40. Ra5 Kb6 41. Ra8 b4 42. Kc4 c5 43. h4 Rxg3 44. h5 Rh3 45. Rh8 a2 46. Ra8 b3 47. h6 Rh1 48. h7 b2 49. Rb8+ Ka7 50. Rxb2 a1Q 51. Kb3 Rb1 52. h8Q Rxb2+ 53. Qxb2 Qd1+ 54. Kc4 1/2-1/2